00972nam a2200229 i 4500001000700000003000900007005001700016007000300033008004100036080002000077100003500097245014600132260003000278300004000308490007200348500004300420700002500463830008000488852003300568999001900601952012200620106602ES-MaACL20230906184220.0t|061205s1969 fr ||||1| fre d a821.112.5-2"17"1 aVondel, Joost van den.911573210aCinq tragédies / cJoost van den Vondel ; notice biographique et notes, traduction vers par vers dans les rythmes originaux par Jean Stals. aParis : bDidier, c1969. a464 p. : b1 retr. autor ; c24 cm.1 aCollection Unesco d'oeuvres représentatives. Série européenne aBiblioteca Jacinto Martínez Lacalle.1 aStals, Jean.91078680 aCollection Unesco d'oeuvres représentatives. Série européenne9232848 aES-MaACLjE-11423 bR.138943 c106602d106602 00104070aATENEOMbATENEOMcDEPO2d2008-01-17eSCl0oE-11423p1111274r2023-02-23 00:00:00w2023-02-23yMONOGRAFIA